Tenkovrstvové Josephsonove priechody na použitie v elektronike

Bibliographic Details
Main Authors: Luby, Štefan, 1941- (Author), Chromik, Štefan, 1949- (Author)
Format: Article
Language:Slovak
PhysicalDescription:Obr. 3. Tb. 2.
Subjects:

MARC

LEADER 00000nab a2200000 a 4500
001 vtls000060884
003 SK-MaSNL
005 20260305001100.0
008 250422c1980 xo 0 slo
015 |a SNBRB19rr/mm-uuuuu 
035 |a CL0070984 
035 |a urn:nbn:sk:snk-abcyyd 
035 |a (urnnbn)urn:nbn:sk:snk:ar-006to6 
035 |a (uuid)7108c073-4bd6-43a8-bace-93a9b6781452 
040 |a SNKBUCL  |b slo  |c SNKBUCL  |e AACR2 
041 0 |a slo 
044 |a xo  |c SK 
080 |a 543  |2 1981 
100 1 |a Luby, Štefan,  |d 1941-  |4 aut  |9 92597 
245 1 0 |a Tenkovrstvové Josephsonove priechody na použitie v elektronike  |c Š. Luby, Š. Chromik 
300 |b Obr. 3. Tb. 2. 
650 0 7 |a tenké vrstvy  |2 snkbucl  |9 31807 
650 0 7 |a Josephsonov jav  |2 snkbucl  |9 166358 
655 7 |a články z novín a časopisov  |2 snkbucl  |9 267496 
700 1 |a Chromik, Štefan,  |d 1949-  |4 aut  |9 5752 
773 0 |t Elektrotechnický časopis  |g Roč. 31, č. 1 (1980), s. 79-85 
850 |a Slovenská národná knižnica 
852 |a Slovenská národná knižnica 
954 |a odborná, vedecká literatúra pôvodná (slovenská)  |2 lita 
958 |a article17 
958 |a RK 
958 |a OND 
958 |a EUIPO 
992 |a RBX 
999 |c 3217439  |d 3219369